[Event "SVK-chT2B 2223"]
[Site "Slovakia"]
[Date "2023.01.15"]
[Round "7.3"]
[White "Bielik, Miroslav"]
[Black "Chrenko, Kristian"]
[Result "1/2-1/2"]
[WhiteElo "2098"]
[BlackElo "2012"]
[PlyCount "145"]
[EventDate "2022.10.08"]
[EventType "team-tourn"]
[EventRounds "11"]
[EventCountry "SVK"]
[SourceTitle "EXT 2024"]
[Source "ChessBase"]
[SourceDate "2023.10.10"]
[SourceVersion "1"]
[SourceVersionDate "2023.10.10"]
[SourceQuality "1"]
[WhiteTeam "Topolcany II"]
[BlackTeam "Tlmace"]
[WhiteTeamCountry "SVK"]
[BlackTeamCountry "SVK"]

1. d4 d5 2. Nf3 Nf6 3. Bf4 e6 4. e3 c5 5. c3 Nc6 6. Nbd2 Bd6 7. Bg3 0-0 8. Bd3 b6 9. e4 Be7 10. Ne5 Nxe5 11. dxe5 Nxe4 12. Nxe4 dxe4 13. Bxe4 Qxd1+ 14. Rxd1 Rb8 15. Ke2 Ba6+ 16. Ke3 Rfd8 17. f4 g6 18. Bf2 Rxd1 19. Rxd1 Rd8 20. Rxd8+ Bxd8 21. b3 Bb5 22. g4 Bd7 23. a3 Be7 24. Kd3 Bb5+ 25. c4 Bd7 26. Kc3 a5 27. Kd3 Kf8 28. b4 axb4 29. axb4 Ba4 30. f5 exf5 31. gxf5 Ke8 32. Be3 gxf5 33. Bxf5 h5 34. Be4 Bd7 35. Bf3 Bf5+ 36. Kd2 h4 37. Bc6+ Kf8 38. Bd5 Kg7 39. bxc5 bxc5 40. Ke2 f6 41. e6 Bg4+ 42. Kf1 Bd6 43. e7 Bxe7 44. Kg2 f5 45. h3 Bd1 46. Bf4 Kg6 47. Be3 Bd6 48. Bf2 Kg5 49. Be3+ f4 50. Bf2 Bc2 51. Kf3 Bf5 52. Kg2 Bd3 53. Be1 Be7 54. Bc3 Bf6 55. Ba5 Kf5 56. Kf3 Bc2 57. Be1 Bd1+ 58. Kg2 Be2 59. Kf2 Bd3 60. Kf3 Bf1 61. Bd2 Be5 62. Be1 Kg5 63. Be6 Bd4 64. Bd2 Be3 65. Bc3 Bd3 66. Be5 Bc2 67. Bd6 Bd1+ 68. Ke4 Kf6 69. Bd5 Bc2+ 70. Kf3 Kf5 71. Be7 Bd1+ 72. Kg2 Bc2 73. Kf3 1/2-1/2

[Event "SVK-chT2B 2223"]
[Site "Slovakia"]
[Date "2022.11.26"]
[Round "5.3"]
[White "Bielik, Miroslav"]
[Black "Lakatos, Vladimir"]
[Result "1-0"]
[WhiteElo "2070"]
[BlackElo "1950"]
[PlyCount "107"]
[EventDate "2022.10.08"]
[EventType "team-tourn"]
[EventRounds "11"]
[EventCountry "SVK"]
[SourceTitle "EXT 2024"]
[Source "ChessBase"]
[SourceDate "2023.10.10"]
[SourceVersion "1"]
[SourceVersionDate "2023.10.10"]
[SourceQuality "1"]
[WhiteTeam "Topolcany II"]
[BlackTeam "Prievidza"]
[WhiteTeamCountry "SVK"]
[BlackTeamCountry "SVK"]

1. d4 Nf6 2. Nf3 g6 3. Bf4 Bg7 4. e3 0-0 5. h3 d6 6. Be2 Nbd7 7. c4 c5 8. Nc3 a6 9. 0-0 cxd4 10. exd4 Re8 11. Bh2 b6 12. Re1 Bb7 13. d5 Qc7 14. Rc1 Rad8 15. Bf1 Nf8 16. Bf4 e5 17. dxe6 fxe6 18. Nd2 Bc6 19. Qb3 Qb7 20. Be3 N8d7 21. Qa3 Bf8 22. Qb3 Nc5 23. Qc2 a5 24. a3 Nce4 25. Ndxe4 Nxe4 26. Nxe4 Bxe4 27. Qb3 Rb8 28. Qb5 Bc6 29. Qg5 Bg7 30. Rc2 Qf7 31. Rd2 d5 32. Bf4 Rbc8 33. Be3 d4 34. Bxd4 Bxd4 35. Rxd4 Rf8 36. Qe3 e5 37. Rd2 e4 38. Qxb6 a4 39. Rc1 Qe6 40. Qe3 Rb8 41. c5 Bb5 42. Bxb5 Rxb5 43. c6 Rb3 44. Rc3 Rxc3 45. Qxc3 e3 46. fxe3 h5 47. Rd7 Rf6 48. Rd8+ Kh7 49. c7 Qf5 50. c8Q Qf2+ 51. Kh2 Kh6 52. Rh8+ Kg5 53. Qxf6+ Qxf6 54. Qd8 1-0

[Event "SVK-chT1W 2122"]
[Site "Slovakia"]
[Date "2022.02.27"]
[Round "4.5"]
[White "Urban, Gabor"]
[Black "Bielik, Miroslav"]
[Result "1/2-1/2"]
[WhiteElo "2002"]
[BlackElo "2091"]
[PlyCount "37"]
[EventDate "2021.11.06"]
[EventType "team-tourn"]
[EventRounds "11"]
[EventCountry "SVK"]
[SourceTitle "EXT 2023"]
[Source "ChessBase"]
[SourceDate "2022.10.05"]
[SourceVersion "1"]
[SourceVersionDate "2022.10.05"]
[SourceQuality "1"]
[WhiteTeam "Batorove Kosihy"]
[BlackTeam "Topolcany"]
[WhiteTeamCountry "SVK"]
[BlackTeamCountry "SVK"]

1. c4 c6 2. Nc3 d5 3. cxd5 cxd5 4. d4 Nf6 5. Nf3 Nc6 6. Bf4 Bf5 7. e3 a6 8. a3 e6 9. Bd3 Bxd3 10. Qxd3 Bd6 11. 0-0 0-0 12. Bxd6 Qxd6 13. b4 a5 14. b5 Na7 15. Na4 Ne4 16. Rac1 b6 17. Ne5 Rac8 18. f3 Nf6 19. Qb3 1/2-1/2

[Event "SVK-ch Amateurs"]
[Site "Topolcany"]
[Date "2021.08.08"]
[Round "5"]
[White "Ambrozi, Peter"]
[Black "Bielik, Miroslav"]
[Result "1-0"]
[WhiteElo "1935"]
[BlackElo "2103"]
[PlyCount "119"]
[EventDate "2021.08.06"]
[EventType "swiss"]
[EventRounds "7"]
[EventCountry "SVK"]
[SourceTitle "EXT 2022"]
[Source "ChessBase"]
[SourceDate "2021.10.06"]
[SourceVersion "1"]
[SourceVersionDate "2021.10.06"]
[SourceQuality "1"]

1. Nf3 d5 2. d4 Nf6 3. g3 Bf5 4. Bg2 e6 5. c4 c6 6. Nc3 Nbd7 7. Nd2 Qb6 8. Qb3 Rb8 9. Qxb6 Nxb6 10. c5 Nbd7 11. Nf3 b6 12. cxb6 axb6 13. Bf4 Ra8 14. Nh4 Bb4 15. Nxf5 exf5 16. 0-0 Bxc3 17. bxc3 b5 18. Bd6 Nb6 19. Bc5 Na4 20. Bb4 Kd7 21. f3 Rhe8 22. Kf2 g6 23. h4 h5 24. Bh3 Nb2 25. Rfe1 Ra4 26. Kg1 Nc4 27. Kf2 Ne3 28. Rec1 Kc7 29. a3 Kd7 30. Ra2 Nc4 31. Re1 Kc7 32. Rea1 Rea8 33. Be7 Ne8 34. Bb4 Ned6 35. Bf1 Kd7 36. e3 Ne8 37. Bd3 Nc7 38. Bc2 R4a6 39. a4 Nb6 40. a5 Nc4 41. Bd3 Nd6 42. Re1 Nb7 43. Rea1 Re8 44. Re1 Raa8 45. e4 fxe4 46. fxe4 dxe4 47. Rxe4 Nd6 48. Rxe8 Rxe8 49. Re2 Nd5 50. Rxe8 Nxe8 51. Kf3 Nec7 52. Ke4 Ke6 53. Bc2 f5+ 54. Kd3 Kf6 55. Bd6 g5 56. c4 bxc4+ 57. Kxc4 Nb5 58. Be5+ Kg6 59. Kc5 gxh4 60. gxh4 1-0

[Event "SVK-ch Amateurs"]
[Site "Topolcany"]
[Date "2021.08.08"]
[Round "4"]
[White "Bielik, Miroslav"]
[Black "Bochnicka, Vladimir1111"]
[Result "0-1"]
[WhiteElo "2103"]
[BlackElo "2195"]
[PlyCount "70"]
[EventDate "2021.08.06"]
[EventType "swiss"]
[EventRounds "7"]
[EventCountry "SVK"]
[SourceTitle "EXT 2022"]
[Source "ChessBase"]
[SourceDate "2021.10.06"]
[SourceVersion "1"]
[SourceVersionDate "2021.10.06"]
[SourceQuality "1"]

1. d4 Nf6 2. Nf3 g6 3. Bf4 Bg7 4. e3 d6 5. h3 0-0 6. Be2 Nbd7 7. c4 b6 8. a4 a5 9. Nc3 Bb7 10. Qc2 e5 11. Bh2 Qe7 12. 0-0 Ne8 13. Rfd1 f5 14. dxe5 Nxe5 15. Nxe5 dxe5 16. Rd2 Nd6 17. Nd5 Qh4 18. Bg3 Qg5 19. h4 Qh6 20. Nxc7 Ne4 21. Nxa8 f4 22. Bf3 Nxd2 23. Bxb7 fxg3 24. Qxd2 gxf2+ 25. Kf1 Qxh4 26. Bf3 Qh1+ 27. Kxf2 Qxa1 28. Nxb6 e4 29. Nd7 Rf7 30. Qd5 Qxb2+ 31. Kg3 exf3 32. gxf3 h5 33. c5 h4+ 34. Kxh4 Qh2+ 35. Kg4 Qh5+ 0-1

[Event "SVK-ch Amateur"]
[Site "Topolcany"]
[Date "2020.07.10"]
[Round "2"]
[White "Bielik, Miroslav"]
[Black "Janco, Darius"]
[Result "0-1"]
[WhiteElo "2133"]
[BlackElo "2003"]
[PlyCount "74"]
[EventDate "2020.07.10"]
[EventType "swiss"]
[EventRounds "7"]
[EventCountry "SVK"]
[SourceTitle "EXT 2021"]
[Source "ChessBase"]
[SourceDate "2020.10.23"]
[SourceVersion "1"]
[SourceVersionDate "2020.10.23"]
[SourceQuality "1"]

1. d4 g6 2. Nf3 Bg7 3. c4 Nf6 4. Nc3 0-0 5. Bf4 d5 6. e3 c5 7. dxc5 Qa5 8. Qa4 Qxc5 9. b4 Qc6 10. b5 Qc5 11. Qb3 Nh5 12. Bxb8 Rxb8 13. Rd1 dxc4 14. Bxc4 Bg4 15. Na4 Qc7 16. Be2 Qa5+ 17. Nd2 Be6 18. Bc4 Bxc4 19. Qxc4 Rbc8 20. Qb3 Rfd8 21. Ke2 a6 22. bxa6 b5 23. Nc4 bxc4 24. Qb6 Bc3 25. a7 Re8 26. Qxa5 Bxa5 27. Rd7 Nf6 28. Rb7 Ra8 29. Rhb1 Kg7 30. R1b5 Bd8 31. Rc5 Ne4 32. Rc6 Nd6 33. Rd7 Kf6 34. f3 Ke6 35. Rdc7 Bxc7 36. Rxc7 Nb5 37. Rb7 Nxa7 0-1

[Event "SVK-chT2B 1617"]
[Site "Slovakia"]
[Date "2016.11.06"]
[Round "4.4"]
[White "Bottyan, Peter"]
[Black "Bielik, Miroslav"]
[Result "0-1"]
[WhiteElo "2217"]
[BlackElo "2146"]
[PlyCount "56"]
[EventDate "2016.10.08"]
[EventType "team-tourn"]
[EventRounds "11"]
[EventCountry "SVK"]
[SourceTitle "CBM 175 Extra"]
[Source "ChessBase"]
[SourceDate "2016.12.12"]
[SourceVersion "1"]
[SourceVersionDate "2016.12.12"]
[SourceQuality "1"]
[WhiteTeam "Komarno"]
[BlackTeam "Topolcany"]
[WhiteTeamCountry "SVK"]
[BlackTeamCountry "SVK"]

1. d4 d5 2. Bf4 c6 3. e3 e6 4. Nd2 f5 5. g4 Nf6 6. gxf5 exf5 7. Bd3 Bd6 8. Qf3 Ne4 9. Bxe4 fxe4 10. Qg3 Bxf4 11. Qxg7 Rf8 12. exf4 Qe7 13. Qxe7+ Kxe7 14. f3 exf3 15. Ngxf3 Rxf4 16. 0-0-0 Kd6 17. Rdg1 Be6 18. Rg7 Nd7 19. Rxh7 Raf8 20. h4 Rxf3 21. Nxf3 Rxf3 22. h5 Bf5 23. Rg7 Rf2 24. h6 Nf6 25. Rxb7 Rxc2+ 26. Kd1 Ng4 27. Rh5 Ne3+ 28. Ke1 Bg4 0-1

[Event "SVK-chT2B 1617"]
[Site "Slovakia"]
[Date "2016.10.09"]
[Round "2.3"]
[White "Pytlik, Pavol"]
[Black "Bielik, Miroslav"]
[Result "0-1"]
[WhiteElo "2074"]
[BlackElo "2146"]
[PlyCount "152"]
[EventDate "2016.10.08"]
[EventType "team-tourn"]
[EventRounds "11"]
[EventCountry "SVK"]
[SourceTitle "CBM 175 Extra"]
[Source "ChessBase"]
[SourceDate "2016.12.12"]
[SourceVersion "1"]
[SourceVersionDate "2016.12.12"]
[SourceQuality "1"]
[WhiteTeam "Trencin"]
[BlackTeam "Topolcany"]
[WhiteTeamCountry "SVK"]
[BlackTeamCountry "SVK"]

1. e4 c6 2. d3 d5 3. Nd2 dxe4 4. dxe4 e5 5. Ngf3 Bg4 6. Bc4 Bxf3 7. Qxf3 Qc7 8. 0-0 Nf6 9. Re1 Nbd7 10. Nf1 h6 11. Ng3 g6 12. Be3 Bg7 13. Rad1 0-0 14. Rd2 b5 15. Bb3 c5 16. Bd5 Rad8 17. c4 bxc4 18. Bxc4 Nb6 19. Bf1 Rxd2 20. Bxd2 Qd6 21. Be3 Rd8 22. Rc1 Rc8 23. Qe2 Bf8 24. Qa6 Rc7 25. f3 Nfd7 26. Qe2 Nb8 27. Qf2 N6d7 28. Bb5 Rb7 29. Bxd7 Nxd7 30. b3 a5 31. Qc2 Rc7 32. Nf1 a4 33. Nd2 axb3 34. Qxb3 Qa6 35. Qc4 Qa3 36. Rc3 Qa5 37. Qb3 Ra7 38. Rc2 Qa6 39. Kf2 Qf6 40. g3 h5 41. Nc4 Qe6 42. Kg2 Qa6 43. Qc3 Rb7 44. Bc1 Qa4 45. Ne3 Bh6 46. Nd5 Bxc1 47. Rxc1 Qxa2+ 48. Rc2 Qb1 49. Rc1 Rb2+ 50. Kh3 Qa2 51. Rh1 c4 52. Nb4 Qb3 53. Nd5 Rc2 54. Qe3 Qxe3 55. Nxe3 Rc3 56. Nd5 Rxf3 57. Rc1 c3 58. Rxc3 Rxc3 59. Nxc3 Kg7 60. Kg2 f5 61. Kf3 Nc5 62. exf5 gxf5 63. h3 Kf6 64. g4 hxg4+ 65. hxg4 f4 66. Nd1 Kg5 67. Nf2 e4+ 68. Ke2 Kf6 69. Nd1 Ke5 70. Nc3 Ne6 71. Kf2 Ng5 72. Nb5 Ne6 73. Nc3 Kd4 74. Ne2+ Kd3 75. Nc1+ Kd2 76. Nb3+ Kd1 0-1

[Event "SVK-chT2B 1516"]
[Site "Slovakia"]
[Date "2016.01.24"]
[Round "7.5"]
[White "Bielik, Miroslav"]
[Black "Zatko, Gregor"]
[Result "1-0"]
[WhiteElo "2139"]
[BlackElo "2134"]
[PlyCount "51"]
[EventDate "2015.10.17"]
[EventType "team-tourn"]
[EventRounds "11"]
[EventCountry "SVK"]
[SourceTitle "EXT 2019"]
[Source "ChessBase"]
[SourceDate "2018.10.10"]
[SourceVersion "1"]
[SourceVersionDate "2018.10.10"]
[SourceQuality "1"]
[WhiteTeam "Topolciansky CVC II"]
[BlackTeam "Levice"]
[WhiteTeamCountry "SVK"]
[BlackTeamCountry "SVK"]

1. d4 Nf6 2. Nf3 d6 3. Bf4 g6 4. e3 Bg7 5. Be2 0-0 6. h3 Nc6 7. 0-0 Nd7 8. c4 e5 9. Bh2 f5 10. Nc3 e4 11. Nd2 Nf6 12. a3 Qe7 13. b4 Bd7 14. c5 Nd8 15. Qb3+ Kh8 16. cxd6 cxd6 17. Nd5 Nxd5 18. Qxd5 Rf6 19. Rac1 Be8 20. Rc3 Bf7 21. Qa5 Nc6 22. Qa4 f4 23. b5 fxe3 24. Rxe3 Nxd4 25. Qxd4 Rxf2 26. Qxe4 1-0

[Event "SVK-chT1W 1415"]
[Site "Slovakia"]
[Date "2014.11.30"]
[Round "4.5"]
[White "Jablonicky, Martin"]
[Black "Bielik, Miroslav"]
[Result "1-0"]
[WhiteElo "1949"]
[BlackElo "2157"]
[PlyCount "53"]
[EventDate "2014.10.18"]
[EventType "team-tourn"]
[EventRounds "11"]
[EventCountry "SVK"]
[SourceTitle "EXT 2016"]
[Source "ChessBase"]
[SourceDate "2015.10.08"]
[SourceVersion "1"]
[SourceVersionDate "2015.10.08"]
[SourceQuality "1"]
[WhiteTeam "Osuske"]
[BlackTeam "Topolciansky CVC"]
[WhiteTeamCountry "SVK"]
[BlackTeamCountry "SVK"]

1. e4 b6 2. d4 Bb7 3. Nc3 e6 4. Bd3 c5 5. d5 Nf6 6. Bc4 exd5 7. exd5 d6 8. Nge2 Be7 9. 0-0 0-0 10. Ng3 Na6 11. Re1 Nc7 12. Nf5 Re8 13. Bg5 Bf8 14. Ne4 Qd7 15. Nh6+ Kh8 16. Nxf6 Rxe1+ 17. Qxe1 gxf6 18. Bxf6+ Bg7 19. Qc3 Ne8 20. Bxg7+ Nxg7 21. Qf6 b5 22. Nxf7+ Kg8 23. Nh6+ Kh8 24. Re1 Re8 25. Rxe8+ Qxe8 26. Nf5 Qg8 27. Nxd6 1-0

[Event "SVK-chT2B 1314"]
[Site "Slovakia"]
[Date "2013.11.24"]
[Round "4.6"]
[White "Szaraz, Vojtech"]
[Black "Bielik, Miroslav"]
[Result "1/2-1/2"]
[WhiteElo "1959"]
[BlackElo "2128"]
[PlyCount "153"]
[EventDate "2013.10.19"]
[EventType "team-tourn"]
[EventRounds "11"]
[EventCountry "SVK"]
[SourceTitle "EXT 2015"]
[Source "ChessBase"]
[SourceDate "2014.11.20"]
[SourceVersion "1"]
[SourceVersionDate "2014.11.20"]
[SourceQuality "1"]
[WhiteTeam "Surany"]
[BlackTeam "Topolcany"]
[WhiteTeamCountry "SVK"]
[BlackTeamCountry "SVK"]

1. f4 d5 2. d4 Nf6 3. Nf3 Bg4 4. e3 Nbd7 5. Be2 e6 6. 0-0 Bd6 7. Ne5 Bxe2 8. Qxe2 Ne4 9. Nd2 Ndf6 10. Qb5+ c6 11. Qxb7 0-0 12. Nxe4 Nxe4 13. c3 c5 14. Qb3 c4 15. Qc2 Bxe5 16. fxe5 f6 17. exf6 Rxf6 18. Bd2 Rg6 19. Rf4 Qg5 20. Be1 Rh6 21. Qe2 e5 22. dxe5 Qxe5 23. Bg3 Qe6 24. Raf1 Rf6 25. Rxf6 Nxf6 26. h3 Re8 27. Rf3 h6 28. Bh4 Ne4 29. Be1 Rb8 30. Bg3 Re8 31. Be1 Rb8 32. Bg3 Rb7 33. Kh2 Nc5 34. Kh1 a5 35. Qc2 a4 36. Qf5 Qxf5 37. Rxf5 Rd7 38. Re5 Nd3 39. Re8+ Kf7 40. Rb8 Re7 41. Bd6 Rxe3 42. Ba3 Re2 43. Rb5 Ke6 44. Rb7 Kf6 45. Rb6+ Kf5 46. Rb8 h5 47. Rd8 Re5 48. Ra8 Re1+ 49. Kh2 Re2 50. Rf8+ Kg5 51. Rd8 Nf4 52. Kg3 Re5 53. Bd6 h4+ 54. Kf3 Rf5 55. Be7+ Kg6 56. Rd6+ Kf7 57. Bxh4 Ng6+ 58. Kg3 Nxh4 59. Kxh4 Rf2 60. Rxd5 Rxb2 61. Rd4 Rxg2 62. Rxc4 Rxa2 63. Rc6 a3 64. Ra6 Ra1 65. c4 a2 66. c5 Ke7 67. Kh5 Kd7 68. h4 Kc7 69. c6 Kd6 70. c7+ Kxc7 71. Ra3 Kd6 72. Ra7 Ke6 73. Ra6+ Kf7 74. Ra7+ Kg8 75. Ra8+ Kh7 76. Ra7 Rg1 77. Rxg7+ 1/2-1/2

[Event "SVK-chT2B 1213"]
[Site "Slovakia"]
[Date "2013.02.16"]
[Round "8.2"]
[White "Gazik, Renata"]
[Black "Bielik, Miroslav"]
[Result "1-0"]
[WhiteElo "2064"]
[BlackElo "2147"]
[PlyCount "46"]
[EventDate "2012.10.13"]
[EventType "team-tourn"]
[EventRounds "11"]
[EventCountry "SVK"]
[SourceTitle "EXT 2015"]
[Source "ChessBase"]
[SourceDate "2014.11.20"]
[SourceVersion "1"]
[SourceVersionDate "2014.11.20"]
[SourceQuality "1"]
[WhiteTeam "Bojnice"]
[BlackTeam "Topolcany"]
[WhiteTeamCountry "SVK"]
[BlackTeamCountry "SVK"]

1. d4 g6 2. Nf3 Bg7 3. Bf4 c5 4. c3 Qb6 5. Qc1 cxd4 6. cxd4 Nc6 7. e3 d6 8. Nc3 e5 9. dxe5 dxe5 10. Bg3 Nge7 11. Be2 Nf5 12. 0-0 0-0 13. Rd1 Nxg3 14. hxg3 Ne7 15. Nb5 Bg4 16. Rd6 Qa5 17. Qc4 Bxf3 18. Bxf3 Rac8 19. Qb3 a6 20. Nc3 Rc7 21. Rad1 b5 22. Ne4 Rc4 23. Rd7 Nc8 1-0

[Event "SVK-chT2B 1213"]
[Site "Slovakia"]
[Date "2012.12.01"]
[Round "3"]
[White "Kutny, Marian"]
[Black "Bielik, Miroslav"]
[Result "1-0"]
[WhiteElo "1871"]
[BlackElo "2147"]
[PlyCount "65"]
[EventDate "2012.10.13"]
[EventType "team-tourn"]
[EventRounds "11"]
[EventCountry "SVK"]
[SourceTitle "EXT 2015"]
[Source "ChessBase"]
[SourceDate "2014.11.20"]
[SourceVersion "1"]
[SourceVersionDate "2014.11.20"]
[SourceQuality "1"]
[WhiteTeam "Dubnica nad Vahom II"]
[BlackTeam "Topolcany"]
[WhiteTeamCountry "SVK"]
[BlackTeamCountry "SVK"]

1. e4 c5 2. Nf3 g6 3. Bc4 Bg7 4. 0-0 Nc6 5. c3 d6 6. h3 e6 7. d4 cxd4 8. cxd4 d5 9. exd5 exd5 10. Bb5 Nge7 11. Re1 0-0 12. Nc3 Qd6 13. Bg5 a6 14. Ba4 Nf5 15. Bb3 Be6 16. Ne2 Rfe8 17. Bf4 Qb4 18. Bd2 Qb6 19. Bc3 Nd6 20. Nf4 Nb5 21. Bxd5 Nbxd4 22. Nxd4 Nxd4 23. Bxe6 Nxe6 24. Nxe6 Bxc3 25. bxc3 Rxe6 26. Rxe6 Qxe6 27. Qb3 Qc6 28. Rb1 b5 29. Re1 Rc8 30. Re7 Qf6 31. Re3 Rc4 32. Qa3 Rf4 33. Re8+ 1-0

[Event "SVK-chT1W 0102"]
[Site "Slovakia"]
[Date "2002.??.??"]
[Round "8"]
[White "Bielik, Miroslav"]
[Black "Petrik, Stanislav"]
[Result "0-1"]
[WhiteElo "2015"]
[BlackElo "2300"]
[PlyCount "66"]
[EventDate "2001.10.??"]
[EventType "team"]
[EventRounds "11"]
[EventCountry "SVK"]
[SourceTitle "EXT 2009"]
[Source "ChessBase"]
[SourceDate "2008.11.26"]
[SourceVersion "1"]
[SourceVersionDate "2008.11.26"]
[SourceQuality "1"]

1. a3 Nf6 2. c3 b6 3. d4 Bb7 4. Bf4 e6 5. e3 Be7 6. h3 c5 7. Nf3 Nc6 8. Be2 0-0 9. 0-0 d5 10. Nbd2 c4 11. b3 cxb3 12. Qxb3 Rc8 13. Rfc1 Na5 14. Qa2 Ne8 15. Nb3 Nc4 16. a4 a5 17. Nbd2 Nxd2 18. Nxd2 Bd6 19. Bxd6 Nxd6 20. Qb3 Bc6 21. Rab1 Rb8 22. c4 dxc4 23. Nxc4 Bd5 24. Qa3 Qg5 25. g3 Ne4 26. Nxb6 Nxg3 27. Bg4 Ne2+ 28. Kf1 Nxc1 29. Nd7 Bc4+ 30. Ke1 Nd3+ 31. Kd2 Nb4 32. Qc3 Rbc8 33. Nb6 Ba6 0-1

[Event "SVK-chT1W 0102"]
[Site "Slovakia"]
[Date "2002.??.??"]
[Round "2"]
[White "Regec, Stanislav"]
[Black "Bielik, Miroslav"]
[Result "1-0"]
[WhiteElo "2037"]
[BlackElo "2019"]
[PlyCount "121"]
[EventDate "2001.10.??"]
[EventType "team"]
[EventRounds "11"]
[EventCountry "SVK"]
[SourceTitle "EXT 2007"]
[Source "ChessBase"]
[SourceDate "2006.11.23"]
[SourceVersion "1"]
[SourceVersionDate "2006.11.23"]
[SourceQuality "1"]

1. d4 c6 2. Nf3 a6 3. c3 d5 4. Bf4 Bf5 5. Qb3 Qc8 6. Nbd2 e6 7. e3 Nf6 8. Be2 Be7 9. 0-0 b5 10. Ne5 Nbd7 11. a4 0-0 12. Qd1 Nxe5 13. Bxe5 Nd7 14. Bg3 Nb6 15. a5 Na4 16. Qc1 c5 17. b3 cxd4 18. bxa4 dxc3 19. Nb3 b4 20. Be5 f6 21. Bd4 e5 22. Bb6 Qc6 23. Qd1 Bd8 24. Bc5 Rf7 25. Bxb4 Rb8 26. Bf3 Rd7 27. Nc5 Rxb4 28. Nxd7 e4 29. Be2 Bxd7 30. Rc1 d4 31. exd4 Bxa5 32. d5 Qc8 33. d6 Qc6 34. Rxc3 Qxc3 35. Qd5+ Kf8 36. Qxa5 Ke8 37. Qh5+ Kf8 38. Qxh7 Be6 39. Bh5 Rxa4 40. Qg6 Qc8 41. h3 Rd4 42. Rb1 Rxd6 43. Qxe4 Rc6 44. Qf4 Qd7 45. Rd1 Qc7 46. Qb4+ Kg8 47. Qd2 Kf8 48. Bg6 Bf7 49. Qb4+ Kg8 50. Bxf7+ Kxf7 51. Qb3+ Kf8 52. g3 Rc3 53. Qb4+ Kf7 54. h4 a5 55. Qa4 Rc1 56. Qa2+ Qc4 57. Qxc4+ Rxc4 58. Rd7+ Kg6 59. Ra7 a4 60. Kg2 Kh6 61. f3 1-0